| 000 | 01133nam a2200289 a 4500 | ||
|---|---|---|---|
| 001 | 000043548 | ||
| 003 | DO-SdBNP | ||
| 005 | 20260305073956.0 | ||
| 008 | 140325s2012 dr ac 000 0 spa d | ||
| 020 | _a9789945412611 | ||
| 040 |
_aDO-SdBNP _bspa _cBNPHU |
||
| 082 | 4 |
_a923.2 _bF363a _222 |
|
| 100 | 1 |
_aFernández, Leonel, _d1953- _97291 |
|
| 245 | 1 | 0 |
_aAños de formación : _bescritos políticos de Vanguardia / _cLeonel Fernández ; editor Rafael Martínez Alés. |
| 260 |
_aSanto Domingo : _bFUNGLODE, _c2012. |
||
| 300 |
_a300 p. : _bil., retrs. ; _c23 cm. |
||
| 490 | 0 | _aFUNGLODE | |
| 500 | _aIncluye datos biográficos del autor en la solapa de la cubierta | ||
| 500 | _aIncluye referencias bibliográficas y notas al pie de las páginas | ||
| 600 | 1 | 4 |
_aFernandez, Leonel, _d1953- _xPensamiento político y social _971337 |
| 650 | 4 |
_aPolítica mundial _y1965- _971338 |
|
| 651 | 4 |
_aRepública Dominicana _xPolítica y gobierno _ySiglo XX _971339 |
|
| 700 | 1 | 2 |
_aMartínez Alés, Rafael _eed. _95738 |
| 710 | 2 |
_aFundación Global Democracía y Desarrollo _925477 |
|
| 910 | _aControl de calidad MFF | ||
| 942 |
_2ddc _cLBS1 |
||
| 999 |
_c43037 _d43037 |
||